Winx club postacie - Statystyki

Ogólne statystyki
  • Ten quiz został rozwiązany 14 razy
  • Średni wynik to 19 z 156
Statystyki odpowiedzi
Hint Odpowiedź % Poprawnych
B Bloom
100%
F Flora
93%
S Sky
93%
M Musa
86%
I Icy
79%
S Stella
79%
T Tecna
79%
D Darcy
71%
S Stormy
71%
H Helia
64%
L/A Layla / Aisha
64%
F Faragonda
57%
R Riven
57%
B Brandon
50%
N Nabu
50%
R Roxy
50%
T Timmy
50%
D Daphne
36%
K Kiko
36%
G Griffin
29%
KM Królowa Marion
29%
LD Lord Darkar
29%
V Valtor
29%
A Amore
21%
C Chatta
21%
C Chimera
21%
D Diaspro
21%
M Mike
21%
P Piff
21%
T Tritannus
21%
V Vanessa
21%
A Avalon
14%
G Griselda
14%
KR Król Radius
14%
L Lockette
14%
L Luna
14%
M Mandragora
14%
M Mei Li
14%
M Mirta
14%
M Mitzi
14%
N Nebula
14%
O Ogron
14%
R Roy
14%
S Selina
14%
T Tune
14%
A Acheron
7%
A Amarok
7%
A Andy
7%
A Artu
7%
B Brafilius
7%
C Cara
7%
C Cherie
7%
D Digit
7%
I Illiris
7%
K Kalshara
7%
K Knut
7%
KE Król Erendor
7%
L Lemmy
7%
L Lithia
7%
L Lucy
7%
M Miele
7%
M Morgana
7%
N Nex
7%
O Omnia
7%
P Palladium
7%
P Politea
7%
S Serena
7%
S Sonna
7%
W Wizgiz
7%
A Ahisa
0%
A Alice
0%
A Alyssa
0%
A Amarea
0%
A Amaryl
0%
A Amentia
0%
A Anagan
0%
A Argen
0%
A Arkadia
0%
A Athena
0%
A Aurora
0%
B Barbatea
0%
B Belle
0%
B Błystka
0%
B Buddy
0%
C Cassandra
0%
C Chicko
0%
C Clarice
0%
C Coco
0%
C Codatorta
0%
C Concorda
0%
C Coralia
0%
D Desiryee
0%
D Diana
0%
D Discorda
0%
D Dorana
0%
D Du Four
0%
E Ediltrude
0%
E Elas
0%
E Eldora
0%
E Electronio
0%
E Eteryczne Czarodziejki
0%
F Farsalia
0%
F Francine
0%
F Frutek
0%
G Gantlos
0%
G Ginger
0%
G Glim
0%
G Guru
0%
H Hagen
0%
H Ho-Boe
0%
J Jason Queen
0%
J Jolly
0%
K Kaczor Pepe
0%
K Kalia
0%
K Kelli
0%
K Kizia
0%
K Klaus
0%
KC Król Cryos
0%
KN Król Neptun
0%
KL Królowa Ligea
0%
KN Królowa Niobe
0%
KT Król Teredor
0%
K Księżniczka Krystal
0%
L Lady
0%
L Lazuli
0%
L Livy
0%
L Lu Wei
0%
M Macy
0%
M Magnethia
0%
M Maia
0%
M Matlin
0%
M Milly
0%
M Morwena
0%
N Nereus
0%
N Nesia
0%
N Ninfea
0%
N Nova
0%
O Ofelia
0%
OS Opiekunki Sirenix
0%
O Orlando
0%
P Peg
0%
P Pepe
0%
P Phylla
0%
R Rez
0%
R Rumpelsztyk
0%
S Saladyn
0%
S Samara
0%
S Shavon
0%
S Sybilla
0%
T Taboc
0%
T Tala
0%
T Talassia
0%
T Thoren
0%
T Tressa
0%
Z Zarathustra
0%
Z Zing
0%
Nie znaleziono quizów pasujących do podanych kryteriów
Rozkład punktacji
Procent ludzi z każdym wynikiem
Percentyl według liczby udzielonych odpowiedzi
Twoja historia wyników
Nie rozwiązałeś tego quizu